| 000 | 00472nam a2200157Ia 4500 | ||
|---|---|---|---|
| 008 | 190912s9999 xx 000 0 und d | ||
| 100 | _aVillanueva, Rhodina | ||
| 245 | _aClimate change threat more urgent than science chief resignation/ | ||
| 245 | _cRhodina Villanueva | ||
| 260 | _bThe Philippine Star | ||
| 260 | _c2018 | ||
| 300 | _aAugust 28, page 7 | ||
| 440 |
_aThe Philippine Star _v33: 32 |
||
| 650 | _aClimate change | ||
| 650 | _aScience -- Climatic change | ||
| 999 |
_c362134 _d362134 |
||